000 00548nam a2200193Ia 4500
005 20250508151523.0
008 008 250505s9999 xx 000 0 eng d
037 _aTextual
040 _aFEDL
_beng
_cFEDL
041 _aeng
_2eng
084 _a911, SMI
_qFEDL
100 _aSmith J Russell
_995493
245 0 _aNeighbors around the World
260 _aPhiladelaphia, USA
_bThe John C Winston Company
_c1948
300 _avii,309p
700 _a Sorenson Frank E
_9759402
942 _cTEXL
_h911, SMI
999 _c1330330
_d1330330